[Event "Open Brno 2014"]
[Site "Brno CZE"]
[Date "2014.11.19"]
[Round "6.1"]
[White "Kourousis, Epaminondas"]
[Black "Iwanow, Anna"]
[Result "1/2-1/2"]
[WhiteElo "2380"]
[BlackElo "2288"]
[PlyCount "27"]
[EventDate "2014.11.15"]
[EventType "swiss"]
[EventRounds "9"]
[EventCountry "CZE"]
[Source "lmi"]
[SourceDate "2014.11.15"]

1. Nf3 Nf6 2. c4 g6 3. Nc3 Bg7 4. d4 O-O 5. e4 d6 6. h3 e5 7. dxe5 dxe5 8. Be3
Nbd7 9. Be2 Nh5 10. g3 c6 11. Nd2 Nhf6 12. c5 Qe7 13. b4 Rd8 14. Qb1 1/2-1/2

[Event "Open Brno 2014"]
[Site "Brno CZE"]
[Date "2014.11.19"]
[Round "6.2"]
[White "Blahynka, Martin"]
[Black "Pokorny, Petr"]
[Result "1/2-1/2"]
[WhiteElo "2237"]
[BlackElo "2138"]
[PlyCount "49"]
[EventDate "2014.11.15"]
[EventType "swiss"]
[EventRounds "9"]
[EventCountry "CZE"]
[Source "lmi"]
[SourceDate "2014.11.15"]

1. d4 d5 2. c4 e6 3. Nc3 f5 4. Nf3 c6 5. Bf4 Nf6 6. e3 Bd6 7. Bd3 O-O 8. O-O
Ne4 9. Ne2 Qe7 10. Bxd6 Nxd6 11. Ne5 Nd7 12. c5 Nf7 13. f4 Ndxe5 14. fxe5 Bd7
15. b4 a5 16. Qd2 axb4 17. Qxb4 b6 18. Rfc1 bxc5 19. Qxc5 Qxc5 20. Rxc5 Ra3 21.
Rc3 Rfa8 22. Rxa3 Rxa3 23. Rb1 Kf8 24. Nc1 c5 25. Rb3 1/2-1/2

[Event "Open Brno 2014"]
[Site "Brno CZE"]
[Date "2014.11.19"]
[Round "6.3"]
[White "Kratochvil, Josef"]
[Black "Ivanov, Mikhail M"]
[Result "0-1"]
[WhiteElo "2236"]
[BlackElo "2380"]
[PlyCount "78"]
[EventDate "2014.11.15"]
[EventType "swiss"]
[EventRounds "9"]
[EventCountry "CZE"]
[Source "lmi"]
[SourceDate "2014.11.15"]

1. e4 e5 2. Nf3 Nc6 3. d4 exd4 4. Nxd4 Qf6 5. Nxc6 Bc5 6. Qf3 bxc6 7. Nc3 d6 8.
Bc4 Qxf3 9. gxf3 Be6 10. Bb3 Ne7 11. Be3 Bb4 12. Bd2 O-O 13. Ne2 a5 14. Nf4 d5
15. c3 Bd6 16. O-O-O a4 17. Bc2 Ng6 18. exd5 cxd5 19. Bxg6 hxg6 20. Be3 a3 21.
b3 c6 22. Nxe6 fxe6 23. Rdg1 Rf6 24. Rg4 Raf8 25. h4 Be5 26. Kd2 Rxf3 27. Rxg6
Rxf2+ 28. Bxf2 Rxf2+ 29. Kd3 Kf7 30. Rgg1 Bf4 31. Rd1 Rxa2 32. Rhf1 e5 33.
Rxf4+ exf4 34. Rf1 Rb2 35. Rxf4+ Ke6 36. Rb4 c5 37. Rb6+ Ke5 38. c4 a2 39. Ra6
d4 0-1

[Event "Open Brno 2014"]
[Site "Brno CZE"]
[Date "2014.11.19"]
[Round "6.4"]
[White "Tsenov, Tsvetoslav"]
[Black "Kulon, Klaudia"]
[Result "1-0"]
[WhiteElo "2150"]
[BlackElo "2374"]
[PlyCount "103"]
[EventDate "2014.11.15"]
[EventType "swiss"]
[EventRounds "9"]
[EventCountry "CZE"]
[Source "lmi"]
[SourceDate "2014.11.15"]

1. e4 e5 2. Nf3 Nc6 3. Bb5 a6 4. Ba4 d6 5. Bxc6+ bxc6 6. d4 exd4 7. Nxd4 c5 8.
Nc6 Qd7 9. Na5 Ne7 10. Nc3 g6 11. Qf3 Bg7 12. Bg5 Qg4 13. Qxg4 Bxg4 14. Bd2 Be6
15. O-O-O Rb8 16. b3 O-O 17. f3 f5 18. Rhe1 Rfe8 19. exf5 Nxf5 20. Ne4 Nh4 21.
Re2 h6 22. Rde1 Bd7 23. c3 g5 24. Kc2 Kh7 25. Kc1 Kg6 26. Rf2 Rb5 27. c4 Rbb8
28. g3 Nf5 29. f4 g4 30. Nc3 c6 31. Rfe2 Kf7 32. Rxe8 Rxe8 33. Ne4 Bd4 34. Nb7
Kg6 35. Nbxd6 Nxd6 36. Nxd6 Rxe1+ 37. Bxe1 Bg1 38. Kd2 h5 39. Ke2 h4 40. Kf1
Bd4 41. gxh4 Bf5 42. h5+ Kf6 43. Bh4+ Ke6 44. Nxf5 Kxf5 45. Bg5 Be3 46. Kg2 Bd2
47. h6 Bc3 48. h4 Bd4 49. h5 Bc3 50. Be7 Kxf4 51. Bf8 Kg5 52. Bg7 1-0

[Event "Open Brno 2014"]
[Site "Brno CZE"]
[Date "2014.11.19"]
[Round "6.5"]
[White "Burnett, Andrew"]
[Black "Cherednichenko, Elena"]
[Result "1/2-1/2"]
[WhiteElo "2269"]
[BlackElo "2174"]
[PlyCount "71"]
[EventDate "2014.11.15"]
[EventType "swiss"]
[EventRounds "9"]
[EventCountry "CZE"]
[Source "lmi"]
[SourceDate "2014.11.15"]

1. d4 d5 2. c4 e6 3. Nf3 Nf6 4. Nc3 Be7 5. cxd5 exd5 6. Bf4 c6 7. Qc2 O-O 8. e3
Bd6 9. Bg3 Re8 10. Bd3 g6 11. Bxd6 Qxd6 12. h4 Nbd7 13. O-O-O Qe7 14. Kb1 b6
15. g4 Nxg4 16. h5 Qf6 17. hxg6 fxg6 18. Rdg1 Nf8 19. Rg3 Bf5 20. Bxf5 Qxf5 21.
Qxf5 gxf5 22. Ne5 Ng6 23. Nxg4 fxg4 24. Rxg4 Re7 25. f4 Rg7 26. Rhg1 Rf8 27. b4
b5 28. Rg5 Rff7 29. f5 Nh4 30. f6 Rg6 31. e4 Nf3 32. Rxg6+ hxg6 33. Rxg6+ Kh7
34. Rg2 Rxf6 35. Rf2 dxe4 36. Nxe4 1/2-1/2

[Event "Open Brno 2014"]
[Site "Brno CZE"]
[Date "2014.11.19"]
[Round "6.6"]
[White "Shevchenko, Kirill"]
[Black "Semenova, Elena"]
[Result "1-0"]
[WhiteElo "2141"]
[BlackElo "2227"]
[PlyCount "65"]
[EventDate "2014.11.15"]
[EventType "swiss"]
[EventRounds "9"]
[EventCountry "CZE"]
[Source "lmi"]
[SourceDate "2014.11.15"]

1. e4 e5 2. Nf3 Nf6 3. Nxe5 d6 4. Nf3 Nxe4 5. Nc3 Nxc3 6. dxc3 Be7 7. Be3 Nc6
8. Qd2 Be6 9. O-O-O Qd7 10. Kb1 a6 11. h4 h6 12. Nd4 Nxd4 13. Bxd4 Rg8 14. c4
c5 15. Be3 O-O-O 16. Be2 Qc7 17. Bf4 Bf6 18. c3 Qa5 19. Qc2 Be5 20. Qe4 Qc7 21.
Bxe5 dxe5 22. Bg4 Rxd1+ 23. Rxd1 Bxg4 24. Qxg4+ Kb8 25. Rd7 Qc8 26. Qd1 f6 27.
Qd5 Re8 28. Rxg7 Rd8 29. Rxb7+ Qxb7 30. Qxd8+ Ka7 31. Qd5 Qc8 32. Qf7+ Ka8 33.
Qxf6 1-0

[Event "Open Brno 2014"]
[Site "Brno CZE"]
[Date "2014.11.19"]
[Round "6.7"]
[White "Dirgas, Josef"]
[Black "Simantsev, Mikhail"]
[Result "0-1"]
[WhiteElo "2078"]
[BlackElo "2452"]
[PlyCount "142"]
[EventDate "2014.11.15"]
[EventType "swiss"]
[EventRounds "9"]
[EventCountry "CZE"]
[Source "lmi"]
[SourceDate "2014.11.15"]

1. d4 c5 2. d5 Nf6 3. c4 e6 4. Nc3 exd5 5. cxd5 Bd6 6. g3 Bc7 7. Bg2 d6 8. e4
O-O 9. Nge2 a6 10. a4 Nbd7 11. O-O Rb8 12. b3 Re8 13. Qc2 b5 14. axb5 axb5 15.
Nd1 Qe7 16. Re1 Ne5 17. Ne3 Bb6 18. Bb2 Nfg4 19. Nxg4 Bxg4 20. Bxe5 Qxe5 21. h3
Bd7 22. f4 c4+ 23. Kh2 cxb3 24. Qxb3 Qf6 25. Ra2 b4 26. Rc1 Bb5 27. Rac2 h6 28.
Kh1 Bxe2 29. Rxe2 Bd4 30. Rc6 Bc3 31. Ra2 Qd4 32. Rc4 Qe3 33. Kh2 Ra8 34. Rxa8
Rxa8 35. Rxb4 Ra1 36. Rb8+ Kh7 37. h4 Rg1 38. Qc2 Rc1 39. Qa2 Be1 40. Rb3 Rc3
41. Rxc3 Bxg3+ 42. Kh3 Qxc3 43. Qe2 Bxf4+ 44. Qf3 Qe5 45. h5 g6 46. Qg4 Kg7 47.
Bf3 Qf6 48. Qg2 Be5 49. Qg4 Qd8 50. Be2 Qc7 51. Bf3 Qc2 52. Qg2 Qc1 53. Qg4 Qd2
54. Be2 Qe1 55. Kg2 Bd4 56. Bf3 Qf2+ 57. Kh3 Be5 58. Qg2 Qe3 59. Qg4 Kf6 60.
hxg6 fxg6 61. Qe6+ Kg7 62. Qe7+ Kh8 63. Qf8+ Kh7 64. Qe7+ Bg7 65. Kg2 Qf4 66.
e5 Qxe5 67. Qxe5 Bxe5 68. Be4 h5 69. Kh3 Kh6 70. Kh4 g5+ 71. Kh3 g4+ 0-1

[Event "Open Brno 2014"]
[Site "Brno CZE"]
[Date "2014.11.19"]
[Round "6.8"]
[White "Constantinou, Peter"]
[Black "Davis, Lee"]
[Result "1-0"]
[WhiteElo "2298"]
[BlackElo "1971"]
[PlyCount "77"]
[EventDate "2014.11.15"]
[EventType "swiss"]
[EventRounds "9"]
[EventCountry "CZE"]
[Source "lmi"]
[SourceDate "2014.11.15"]

1. d4 Nf6 2. Bg5 g6 3. Bxf6 exf6 4. e3 Bg7 5. g3 c6 6. Bg2 d5 7. Ne2 O-O 8. O-O
Bf5 9. Nd2 Qd7 10. Re1 Na6 11. a3 Rfe8 12. b4 Nc7 13. Nb3 Qc8 14. Rc1 Bh6 15.
c4 dxc4 16. Rxc4 Qe6 17. Rc1 Qe7 18. Nc3 Rad8 19. Qe2 Be6 20. Nc5 Nd5 21. Nxe6
Nxc3 22. Rxc3 Qxe6 23. Rd1 f5 24. b5 cxb5 25. Qxb5 Re7 26. Rdc1 Qd6 27. Bxb7
Rb8 28. Rc8+ Kg7 29. Rxb8 Qxb8 30. Rb1 Qd6 31. Qb2 Bg5 32. Bf3 Bf6 33. Kg2 g5
34. Qb3 Kg6 35. Qd3 h5 36. Rb5 Re5 37. Bxh5+ Kg7 38. Rxe5 Bxe5 39. Qc4 1-0

[Event "Open Brno 2014"]
[Site "Brno CZE"]
[Date "2014.11.19"]
[Round "6.9"]
[White "Bartos, Jan"]
[Black "Stanek, Stanislav"]
[Result "1-0"]
[WhiteElo "2194"]
[BlackElo "1938"]
[PlyCount "71"]
[EventDate "2014.11.15"]
[EventType "swiss"]
[EventRounds "9"]
[EventCountry "CZE"]
[Source "lmi"]
[SourceDate "2014.11.15"]

1. d4 d6 2. c4 e5 3. Nf3 Nc6 4. d5 Nce7 5. Nc3 Ng6 6. e4 Bg4 7. h3 Bd7 8. g3
Be7 9. h4 h6 10. Bh3 Nf6 11. h5 Nf8 12. Nh4 Bxh3 13. Rxh3 N8d7 14. Nf5 O-O 15.
Be3 Kh7 16. f3 a6 17. Qd2 Ng8 18. Kf1 Bg5 19. f4 Bf6 20. Kg2 Qe8 21. Kf3 g6 22.
hxg6+ fxg6 23. Nxh6 Nxh6 24. f5 gxf5 25. Rxh6+ Kg8 26. Qh2 Bg7 27. Rh1 fxe4+
28. Ke2 Nf6 29. Bg5 Qd7 30. Rh4 Qf5 31. Nxe4 Nxe4 32. Rh8+ Bxh8 33. Qxh8+ Kf7
34. Rh7+ Ke8 35. Re7+ Kd8 36. Rf7+ 1-0

[Event "Open Brno 2014"]
[Site "Brno CZE"]
[Date "2014.11.19"]
[Round "6.10"]
[White "Rehurek, Lukas"]
[Black "Grove, Michael"]
[Result "1/2-1/2"]
[WhiteElo "2188"]
[BlackElo "2083"]
[PlyCount "76"]
[EventDate "2014.11.15"]
[EventType "swiss"]
[EventRounds "9"]
[EventCountry "CZE"]
[Source "lmi"]
[SourceDate "2014.11.15"]

1. e4 e5 2. Nf3 Nc6 3. Bb5 Bb4 4. c3 Ba5 5. O-O Nge7 6. b4 Bb6 7. Bxc6 bxc6 8.
Nxe5 O-O 9. d4 d5 10. exd5 cxd5 11. a4 c6 12. Nd2 Qd6 13. Ba3 Qf6 14. Qf3 Re8
15. Qxf6 gxf6 16. Nef3 Nf5 17. Rfe1 Be6 18. h3 h5 19. Re2 Kh7 20. Nb3 Nd6 21.
Nc5 Bxc5 22. dxc5 Ne4 23. Re3 Bd7 24. Nd4 a6 25. Ra2 f5 26. Rb2 Kg6 27. Ne2 h4
28. f3 Ng5 29. Nf4+ Kf6 30. Rbe2 Rxe3 31. Rxe3 Re8 32. Rxe8 Bxe8 33. Kf2 Ne6
34. Ke3 Kg5 35. Ne2 f4+ 36. Kf2 Kf5 37. Bc1 Ke5 38. Bb2 Kf5 1/2-1/2

[Event "Open Brno 2014"]
[Site "Brno CZE"]
[Date "2014.11.19"]
[Round "6.11"]
[White "Snorek, Milan"]
[Black "Kratochvil, Karel"]
[Result "0-1"]
[WhiteElo "2105"]
[BlackElo "2148"]
[PlyCount "78"]
[EventDate "2014.11.15"]
[EventType "swiss"]
[EventRounds "9"]
[EventCountry "CZE"]
[Source "lmi"]
[SourceDate "2014.11.15"]

1. d4 c5 2. d5 Nf6 3. c4 b5 4. cxb5 a6 5. b6 e6 6. Nc3 Nxd5 7. Nxd5 exd5 8.
Qxd5 Nc6 9. Nf3 Be7 10. g3 O-O 11. Bg2 Rb8 12. O-O Rxb6 13. a3 d6 14. Rd1 Be6
15. Qh5 f6 16. Ne1 g6 17. Qh6 Nd4 18. Qe3 Bb3 19. Rd3 Bc4 20. Rxd4 cxd4 21.
Qxd4 Bf7 22. Nd3 f5 23. Be3 Rb3 24. Qa7 Bf6 25. Qxa6 Re8 26. Rd1 d5 27. Nb4 d4
28. Nc6 Qb6 29. Qxb6 Rxb6 30. Bxd4 Bxd4 31. Nxd4 Rxb2 32. e3 Ra2 33. Nb5 Rc8
34. Bb7 Rb8 35. Bc6 Rb6 36. Bd7 Kf8 37. Kg2 Bc4 38. Nd6 Be2 39. Re1 Rxd6 0-1

[Event "Open Brno 2014"]
[Site "Brno CZE"]
[Date "2014.11.19"]
[Round "6.12"]
[White "Zemlicka, Vit"]
[Black "Vesely, Jaromir"]
[Result "1/2-1/2"]
[WhiteElo "1899"]
[BlackElo "2008"]
[PlyCount "90"]
[EventDate "2014.11.15"]
[EventType "swiss"]
[EventRounds "9"]
[EventCountry "CZE"]
[Source "lmi"]
[SourceDate "2014.11.15"]

1. e4 e6 2. d4 d5 3. Nc3 Nf6 4. e5 Nfd7 5. f4 f5 6. exf6 Nxf6 7. a3 c5 8. Nf3
Nc6 9. Be3 cxd4 10. Nxd4 Bd6 11. Qd2 O-O 12. Be2 e5 13. fxe5 Bxe5 14. O-O Nxd4
15. Bxd4 Bxd4+ 16. Qxd4 Be6 17. Bf3 Qd6 18. Rad1 Rfd8 19. Rfe1 Bf7 20. Re2 Kf8
21. Red2 a6 22. Qf2 Qe5 23. Nxd5 Bxd5 24. Bxd5 Rd6 25. Bb3 Rad8 26. Rxd6 Rxd6
27. Rxd6 Qxd6 28. c3 g6 29. Qd4 Qe7 30. Qb4 Qxb4 31. axb4 Ke7 32. Kf1 Kd6 33.
Ke2 Ke5 34. Kd3 g5 35. Bd1 g4 36. c4 h5 37. Ke3 Ne8 38. Bc2 Nf6 39. Bd3 h4 40.
Be2 b6 41. h3 gxh3 42. gxh3 a5 43. bxa5 bxa5 44. Bf3 Nd7 45. Bg4 Nc5 1/2-1/2

[Event "Open Brno 2014"]
[Site "Brno CZE"]
[Date "2014.11.19"]
[Round "6.14"]
[White "Popper, Tomas"]
[Black "Simkin, Alexander"]
[Result "1-0"]
[WhiteElo "1961"]
[BlackElo "1890"]
[PlyCount "123"]
[EventDate "2014.11.15"]
[EventType "swiss"]
[EventRounds "9"]
[EventCountry "CZE"]
[Source "lmi"]
[SourceDate "2014.11.15"]

1. Nf3 d5 2. b4 Nf6 3. Bb2 e6 4. a3 c5 5. bxc5 Bxc5 6. e3 O-O 7. Be2 Nc6 8. O-O
Re8 9. d4 Bd6 10. Nbd2 b6 11. c4 Bb7 12. Rc1 Qe7 13. cxd5 exd5 14. Qb3 Na5 15.
Qa2 Ne4 16. Nxe4 dxe4 17. Nd2 Qg5 18. Rfe1 Bd5 19. Qb1 Re6 20. g3 h5 21. h4 Qh6
22. Kg2 f5 23. Rc3 Qg6 24. Kh2 Qf6 25. Rh1 f4 26. gxf4 Bxf4+ 27. exf4 Qxf4+ 28.
Rg3 Qxf2+ 29. Rg2 Qf4+ 30. Kh3 Qe3+ 31. Rg3 Qxe2 32. Rh2 Qb5 33. Rhg2 Re7 34.
Kh2 Rf8 35. Rg5 Qd7 36. Rxh5 Qd6+ 37. Kg1 Qd7 38. Rg3 Rf5 39. Rxf5 Qxf5 40. Rg5
Qf7 41. Qf1 Qxf1+ 42. Nxf1 Bc4 43. Ne3 Bd3 44. d5 Nc4 45. Nf5 Rf7 46. Nh6+ Kf8
47. Nxf7 Kxf7 48. Bxg7 Nxa3 49. h5 Nc4 50. Bc3 a5 51. h6 e3 52. h7 Bxh7 53.
Rg7+ Ke8 54. Rxh7 Kd8 55. Kf1 b5 56. Ke2 b4 57. Bf6+ Kc8 58. Kd3 Nb6 59. d6 a4
60. Bd4 e2 61. Bxb6 e1=Q 62. d7+ 1-0

[Event "Open Brno 2014"]
[Site "Brno CZE"]
[Date "2014.11.19"]
[Round "6.15"]
[White "Trochta, Vojtech"]
[Black "Gentsch, Peter"]
[Result "0-1"]
[WhiteElo "1751"]
[BlackElo "1956"]
[PlyCount "62"]
[EventDate "2014.11.15"]
[EventType "swiss"]
[EventRounds "9"]
[EventCountry "CZE"]
[Source "lmi"]
[SourceDate "2014.11.15"]

1. e4 c5 2. Nc3 Nc6 3. g3 g6 4. Bg2 Bg7 5. Nge2 d6 6. O-O Nf6 7. d3 O-O 8. h3
Rb8 9. a4 a6 10. f4 Bd7 11. g4 b5 12. axb5 axb5 13. Ng3 b4 14. Nce2 Qb6 15. Be3
Ne8 16. Qc1 Nd4 17. f5 b3 18. Bxd4 cxd4 19. cxb3 Qxb3 20. Ra7 Qb5 21. Qd2 e6
22. fxg6 hxg6 23. h4 Rb7 24. Rxb7 Qxb7 25. h5 Qb5 26. hxg6 fxg6 27. Rxf8+ Bxf8
28. Qf4 Bg7 29. g5 Qxb2 30. Qf3 Qd2 31. Nf4 e5 0-1

[Event "Open Brno 2014"]
[Site "Brno CZE"]
[Date "2014.11.19"]
[Round "6.16"]
[White "Glozar, Petr"]
[Black "Kopecek, Ivan"]
[Result "1/2-1/2"]
[WhiteElo "1665"]
[BlackElo "1938"]
[PlyCount "93"]
[EventDate "2014.11.15"]
[EventType "swiss"]
[EventRounds "9"]
[EventCountry "CZE"]
[Source "lmi"]
[SourceDate "2014.11.15"]

1. e4 e5 2. Nf3 Nc6 3. Bb5 a6 4. Ba4 b5 5. Bb3 Bb7 6. d3 Be7 7. O-O Nf6 8. Nc3
d6 9. Nd5 Nxd5 10. Bxd5 Na5 11. Bxb7 Nxb7 12. d4 exd4 13. Nxd4 Bf6 14. Nf5 Nc5
15. Qg4 Ne6 16. f4 h5 17. Qe2 Nd4 18. Qd1 Nxf5 19. exf5 d5 20. Re1+ Kf8 21. Rb1
Qd7 22. Qd3 h4 23. Bd2 Rh5 24. g4 hxg3 25. hxg3 Qxf5 26. Qxf5 Rxf5 27. g4 Bd4+
28. Kg2 Rf6 29. f5 Re8 30. Rxe8+ Kxe8 31. Re1+ Kf8 32. Bg5 Rc6 33. c3 Bc5 34.
Rh1 f6 35. Rh8+ Kf7 36. Bf4 d4 37. cxd4 Bxd4 38. Rc8 Be5 39. Bxe5 fxe5 40. Kf3
Rc2 41. a3 Rxb2 42. Rxc7+ Kf8 43. Rc8+ Kf7 44. Rc7+ Kg8 45. Rc8+ Kf7 46. Rc7+
Kf8 47. Rc8+ 1/2-1/2

[Event "Open Brno 2014"]
[Site "Brno CZE"]
[Date "2014.11.19"]
[Round "6.17"]
[White "Borisek, Anze"]
[Black "Kaplan, Milan"]
[Result "1-0"]
[WhiteElo "1934"]
[BlackElo "1791"]
[PlyCount "61"]
[EventDate "2014.11.15"]
[EventType "swiss"]
[EventRounds "9"]
[EventCountry "CZE"]
[Source "lmi"]
[SourceDate "2014.11.15"]

1. e3 e5 2. e4 Nf6 3. Nf3 Be7 4. Nc3 d6 5. d4 Nbd7 6. Bc4 O-O 7. Be3 a6 8. a4
b6 9. Nd2 exd4 10. Bxd4 Ne5 11. Ba2 Be6 12. O-O c5 13. Bxe5 dxe5 14. Bxe6 fxe6
15. Nf3 Qc7 16. Qe2 h6 17. Qc4 Qc6 18. Nxe5 Qc8 19. Rad1 Kh7 20. f4 Ne8 21. Rd7
Bf6 22. Qxe6 Bxe5 23. fxe5 Nc7 24. Qe7 Rxf1+ 25. Kxf1 Qf8+ 26. Ke2 Qxe7 27.
Rxe7 Ne8 28. Nd5 Kg8 29. Nxb6 Rd8 30. Rd7 Rb8 31. a5 1-0

[Event "Open Brno 2014"]
[Site "Brno CZE"]
[Date "2014.11.19"]
[Round "6.18"]
[White "Sernecki, Franciszek"]
[Black "Rusek, Walter"]
[Result "1/2-1/2"]
[WhiteElo "1903"]
[BlackElo "1798"]
[PlyCount "59"]
[EventDate "2014.11.15"]
[EventType "swiss"]
[EventRounds "9"]
[EventCountry "CZE"]
[Source "lmi"]
[SourceDate "2014.11.15"]

1. e4 e6 2. d4 d5 3. exd5 exd5 4. c4 Nf6 5. Nc3 Bb4 6. Nf3 O-O 7. Bd3 Re8+ 8.
Be3 c5 9. O-O cxd4 10. Bxd4 dxc4 11. Bxc4 Be6 12. Bxe6 Rxe6 13. Re1 Rxe1+ 14.
Qxe1 Nc6 15. Rd1 Nxd4 16. Rxd4 Qe7 17. Qb1 Bxc3 18. bxc3 h6 19. h3 Rc8 20. Qb3
Rc6 21. Rc4 Rxc4 22. Qxc4 a6 23. Kf1 g6 24. Qd4 Nd7 25. Qd5 Nf8 26. Ne5 Ne6 27.
Ng4 h5 28. Ne3 Qc7 29. Qd2 Qc6 30. Kg1 1/2-1/2

[Event "Open Brno 2014"]
[Site "Brno CZE"]
[Date "2014.11.19"]
[Round "6.19"]
[White "Healy, Tom"]
[Black "Zuziak, Petr"]
[Result "1-0"]
[WhiteElo "1974"]
[BlackElo "1744"]
[PlyCount "139"]
[EventDate "2014.11.15"]
[EventType "swiss"]
[EventRounds "9"]
[EventCountry "CZE"]
[Source "lmi"]
[SourceDate "2014.11.15"]

1. Nf3 Nf6 2. d4 g6 3. g3 Bg7 4. Bg2 d5 5. O-O O-O 6. c4 c6 7. b3 Bf5 8. Bb2 h6
9. Nc3 Ne4 10. Rc1 Nd7 11. cxd5 Nxc3 12. Bxc3 cxd5 13. Nh4 Be6 14. Bb4 a5 15.
Ba3 b5 16. Qd3 b4 17. Bb2 Qb6 18. Rc2 a4 19. Rfc1 a3 20. Ba1 Ra6 21. e4 Nf6 22.
e5 Nd7 23. Bf1 Nb8 24. Qd2 Ra7 25. Rc5 Rb7 26. Ng2 Qd8 27. Nf4 Qd7 28. Nxe6
Qxe6 29. Bg2 Rd8 30. Qd3 Qb6 31. Rxd5 Rxd5 32. Bxd5 Rd7 33. Qc4 e6 34. Bf3 Na6
35. d5 exd5 36. Bxd5 Rc7 37. Qf1 Rxc1 38. Qxc1 Nc7 39. Bc4 Ne6 40. Qd2 Ng5 41.
Qd5 Kh7 42. h4 Ne6 43. Qd7 Qc7 44. Qxc7 Nxc7 45. Bxf7 Nb5 46. h5 gxh5 47. Bc4
Nc3 48. Bxc3 bxc3 49. Bd3+ Kg8 50. f4 Kf7 51. Kf2 Ke6 52. Ke3 Bf8 53. Kd4 Bb4
54. Kc4 Ba5 55. Kd4 Bb6+ 56. Ke4 Bf2 57. f5+ Ke7 58. Kf3 Bd4 59. Kf4 Bf2 60.
Bc2 Be1 61. b4 Bd2+ 62. Kf3 Bg5 63. Ke4 h4 64. gxh4 Bxh4 65. b5 Bf2 66. f6+ Kf8
67. e6 h5 68. e7+ Ke8 69. b6 Bxb6 70. Ba4+ 1-0

[Event "Open Brno 2014"]
[Site "Brno CZE"]
[Date "2014.11.19"]
[Round "6.20"]
[White "Svoboda, Zdenek"]
[Black "Vucko, Maja"]
[Result "1/2-1/2"]
[WhiteElo "1691"]
[BlackElo "1923"]
[PlyCount "95"]
[EventDate "2014.11.15"]
[EventType "swiss"]
[EventRounds "9"]
[EventCountry "CZE"]
[Source "lmi"]
[SourceDate "2014.11.15"]

1. e4 c5 2. Nc3 d6 3. g3 Nc6 4. Bg2 Nf6 5. d3 e6 6. Bg5 Be7 7. h3 O-O 8. Qd2 a6
9. Nge2 Qc7 10. g4 b5 11. Bf4 b4 12. Nd1 Bb7 13. Ne3 Rfd8 14. c4 Nd7 15. g5 Nb6
16. h4 Qd7 17. Bh3 Qe8 18. Rg1 Ra7 19. b3 Ba8 20. Qb2 Bf8 21. Bg2 a5 22. h5 a4
23. h6 a3 24. Qc2 Ne7 25. O-O-O e5 26. Bg3 gxh6 27. gxh6 Bxh6 28. Bh3 Ng6 29.
Kb1 Bc6 30. Nf5 Bg7 31. f4 exf4 32. Nxf4 Bh8 33. Nh5 Nc8 34. Bh4 Re7 35. Nf6+
Bxf6 36. Bxf6 Re5 37. Qd2 Nce7 38. Nxe7+ Rxe7 39. Qg5 Rdd7 40. Bxd7 Rxd7 41.
Qh6 Qf8 42. Qxf8+ Kxf8 43. Rh1 Kg8 44. Rh6 Bb7 45. Rdh1 Nf8 46. Rg1+ Ng6 47.
Rgh1 Nf8 48. Rg1+ 1/2-1/2

[Event "Open Brno 2014"]
[Site "Brno CZE"]
[Date "2014.11.19"]
[Round "6.21"]
[White "Gurtovoi, Borys"]
[Black "Zikan, Karel"]
[Result "1-0"]
[WhiteElo "1919"]
[BlackElo "1743"]
[PlyCount "83"]
[EventDate "2014.11.15"]
[EventType "swiss"]
[EventRounds "9"]
[EventCountry "CZE"]
[Source "lmi"]
[SourceDate "2014.11.15"]

1. d4 Nf6 2. Nf3 e6 3. Bg5 Be7 4. Bxf6 Bxf6 5. e3 d5 6. Bd3 O-O 7. Nbd2 Nd7 8.
c3 c5 9. h4 h5 10. Ng5 g6 11. f4 cxd4 12. cxd4 Bg7 13. Qc2 Nf6 14. Rc1 Bd7 15.
Ke2 Rc8 16. Qb1 Rxc1 17. Rxc1 Qb6 18. Nb3 Bb5 19. Bxb5 Qxb5+ 20. Qd3 Qxd3+ 21.
Kxd3 Rb8 22. Rc7 Ne8 23. Rxf7 Bf6 24. Rd7 Bxg5 25. hxg5 Ng7 26. Na5 b6 27. Nc6
Ra8 28. Rxa7 Rxa7 29. Nxa7 Nf5 30. Ke2 Kf7 31. a4 Nd6 32. b3 Ke8 33. Nc6 Nf7
34. Ne5 Nxe5 35. fxe5 Kd7 36. Kd3 Kc7 37. b4 Kc6 38. b5+ Kc7 39. e4 dxe4+ 40.
Kxe4 Kd7 41. d5 exd5+ 42. Kxd5 1-0

[Event "Open Brno 2014"]
[Site "Brno CZE"]
[Date "2014.11.19"]
[Round "6.22"]
[White "Veznik, Michael"]
[Black "Doskar, Miloslav"]
[Result "0-1"]
[WhiteElo "1839"]
[BlackElo "1725"]
[PlyCount "72"]
[EventDate "2014.11.15"]
[EventType "swiss"]
[EventRounds "9"]
[EventCountry "CZE"]
[Source "lmi"]
[SourceDate "2014.11.15"]

1. e4 e5 2. Nf3 Nc6 3. Bc4 Bc5 4. b4 Bxb4 5. c3 Ba5 6. d4 d6 7. dxe5 dxe5 8.
Bxf7+ Kxf7 9. Nxe5+ Kf8 10. Ba3+ Ke8 11. Qh5+ g6 12. Nxg6 Nf6 13. Qh6 Rg8 14.
Nf4 Ne5 15. O-O Nf7 16. Qh4 Rg4 17. Qh3 Rxf4 18. Qe3 Rg4 19. Qc5 Nd7 20. Qxa5
Qg5 21. Qxg5 Rxg5 22. f4 Rg6 23. Nd2 Nb6 24. Rae1 Nd6 25. f5 Rg8 26. Nf3 Nbc4
27. Bc5 b6 28. Bd4 c5 29. Bf6 h6 30. Nh4 Kf7 31. e5 Ne8 32. Bd8 Be6 33. fxe6+
Kxe6 34. Bf6 b5 35. a4 Rb8 36. axb5 Rxb5 0-1

[Event "Open Brno 2014"]
[Site "Brno CZE"]
[Date "2014.11.19"]
[Round "6.23"]
[White "Hrdlicka, Vladan"]
[Black "Romanek, Zdenek"]
[Result "1-0"]
[WhiteElo "1797"]
[BlackElo "1648"]
[PlyCount "53"]
[EventDate "2014.11.15"]
[EventType "swiss"]
[EventRounds "9"]
[EventCountry "CZE"]
[Source "lmi"]
[SourceDate "2014.11.15"]

1. e4 e6 2. d4 d5 3. Nc3 Nf6 4. Bg5 Be7 5. e5 Nfd7 6. h4 c5 7. Nb5 Qa5+ 8. Bd2
Qb6 9. Qg4 g6 10. Nf3 a6 11. Nd6+ Bxd6 12. exd6 Nf6 13. Qf4 Nbd7 14. O-O-O cxd4
15. g4 Ne4 16. Ng5 Nxd6 17. h5 Nf8 18. Qf6 Rg8 19. Bd3 Qd8 20. Qxd4 f5 21. hxg6
Rxg6 22. Nxh7 Qe7 23. gxf5 Nxf5 24. Bxf5 exf5 25. Nxf8 Qxf8 26. Rh8 Rg8 27.
Re1+ 1-0

[Event "Open Brno 2014"]
[Site "Brno CZE"]
[Date "2014.11.19"]
[Round "6.24"]
[White "Frej, Zofia"]
[Black "Kosina, Vladimir"]
[Result "1/2-1/2"]
[WhiteElo "1713"]
[BlackElo "1763"]
[PlyCount "60"]
[EventDate "2014.11.15"]
[EventType "swiss"]
[EventRounds "9"]
[EventCountry "CZE"]
[Source "lmi"]
[SourceDate "2014.11.15"]

1. e4 e5 2. Nf3 Nf6 3. d4 Nxe4 4. Bd3 Nc6 5. Bxe4 d5 6. Nxe5 dxe4 7. Nxc6 bxc6
8. O-O Be7 9. Bf4 Bf6 10. Be5 O-O 11. Bxf6 Qxf6 12. Re1 Bf5 13. Nc3 Rfe8 14.
Na4 Rad8 15. c3 Qg6 16. Kh1 e3 17. Nc5 exf2 18. Rxe8+ Rxe8 19. Qd2 Re1+ 20.
Rxe1 fxe1=Q+ 21. Qxe1 Kf8 22. h3 Qd6 23. Qf1 Bg6 24. Qa6 Ke7 25. Qxa7 Qf4 26.
Qa6 Qc1+ 27. Kh2 Qf4+ 28. Kg1 Qe3+ 29. Kf1 Qc1+ 30. Kf2 Qf4+ 1/2-1/2

[Event "Open Brno 2014"]
[Site "Brno CZE"]
[Date "2014.11.19"]
[Round "6.25"]
[White "Kures, Michael"]
[Black "Moes, Waldemar"]
[Result "0-1"]
[WhiteElo "1493"]
[BlackElo "2054"]
[PlyCount "32"]
[EventDate "2014.11.15"]
[EventType "swiss"]
[EventRounds "9"]
[EventCountry "CZE"]
[Source "lmi"]
[SourceDate "2014.11.15"]

1. f4 d5 2. Nf3 Nf6 3. e3 g6 4. b3 Bg7 5. Bb2 O-O 6. c4 c5 7. Be2 Nc6 8. O-O d4
9. Bd3 Nb4 10. Ne5 dxe3 11. dxe3 Ng4 12. a3 Bxe5 13. axb4 Bxb2 14. Ra2 Nxe3 15.
Qe2 Bd4 16. Rc1 Bg4 0-1